Merchandising estratégico
Збережено в:
| Автор: | |
|---|---|
| Формат: | Книга |
| Мова: | Іспанська |
| Опубліковано: |
Barcelona
Gestión 2000
2003
|
| Предмети: | |
| Теги: |
Додати тег
Немає тегів, Будьте першим, хто поставить тег для цього запису!
|
MARC
| LEADER | 00000cam a2200000 a 4500 | ||
|---|---|---|---|
| 001 | UCH4576 | ||
| 003 | CL-VaPUC | ||
| 008 | 090827e20030000SP |||||||||||||||||spa|d | ||
| 020 | |a 8480889055 | ||
| 082 | 0 | 4 | |a 658.8 |b MOU |2 21 |
| 100 | |a Mouton, Dominique |e autora |9 540166 | ||
| 245 | 1 | 0 | |a Merchandising estratégico |
| 300 | |a 202 p | ||
| 942 | |c BK | ||
| 945 | |d 20090827 00:00:00 |a rbrito | ||
| 260 | |a Barcelona |b Gestión 2000 |c 2003 | ||
| 650 | 0 | |a Ventas |9 259323 | |
| 650 | 0 | |a Marketing |9 259324 | |
| 650 | 0 | |a Psicología aplicada |9 270762 | |
| 650 | 0 | |a Consumidores |9 315658 | |
| 650 | 0 | |a Investigación de mercado |9 332310 | |
| 650 | 0 | |a Precios |9 260787 | |
| 650 | 0 | |a Publicidad |9 314572 | |
| 583 | |a last modification |c 20141114 05:32:25 |k Rodrigo Vera | ||
| 999 | |c 335856 |d 335854 | ||
| 952 | |0 0 |1 0 |4 0 |6 658_800000000000000_MOU_2003 |7 0 |8 A |9 426676 |a BIBING |b BIBING |d 2019-11-22 |i 4592360 |o 658.8 MOU 2003 |p 4592360 |r 2025-01-20 |w 2019-11-22 |y BK |k EII | ||
| 952 | |0 0 |1 0 |4 0 |6 658_800000000000000_MOU_2003 |7 0 |8 A |9 426677 |a BIBING |b BIBING |d 2019-11-22 |i 4592379 |o 658.8 MOU 2003 |p 4592379 |r 2025-01-20 |w 2019-11-22 |y BK |k EII | ||